000
00236nam a2200097Ia 4500
001
1207158
005
20250827022819.0
008
250824s9999 xx 000 0 und d
245
0
_a
ÇERİ-1
_c
GÖKHAN ÇAYIRLI
260
_b
LOPUS YAYINLARI
999
_c
1207158
_d
1207158